Responses for Show #7928 - Wednesday, February 13, 2019

Eric R. Backes game 3.

Contestants

[<< previous game]

Seth Birnbaum, a marketing manager from Seattle, Washington

Susie Highley, an education consultant from McCordsville, Indiana

Eric R. Backes, an attorney and government relations professional from Round Rock, Texas (whose 2-day cash winnings total $76,901)

[next game >>]

Jeopardy! Round responses

SPORTS ACROSS AMERICA
(Alex: Each clue will be delivered by a personality from one of our affiliates all over the country.)
GLASSWARE
THAT CAN MEAN 2 THINGS
A REAL HORROR STORY
ECON. ABBREV.
THE IDES OF FEBRUARY
(Alex: Believe it or not, they were on the 13th, not the 15th, as in the case of March.)
    $200 1
Jackie Robinson

Eric
    $200 13
champagne

Susie
    $200 7
capital

Seth
    $200 22
Dracula

Eric
    $200 6
gross domestic product

Seth
    $200 16
East and West Germany

Seth
    $400 2
the Preakness

Eric
    $400 14
a shot glass

Eric
    $400 8
bore

Eric
    $400 23
(Anne) Rice

Susie
    $400 9
trade

Eric
    $400 18
Black Sabbath

Eric
    $600 3
Cam Newton

Seth
    $2,300 15
(Eric: What is... what is a snifter?)
(Alex: No. "Shut your gob." What is [*]?)

a goblet

Eric
    $600 17
hulk

Susie
    $600 25
Carrie (White)

Eric
    $600 10
costs

Eric
    $600 19
Bess Truman

Eric
    $800 4
(Hakeem) Olajuwon

Eric
    $800 29
brandy

Eric
    $800 24
a flap

Eric
    $800 26
Dr. Jekyll and Mr. Hyde

Seth
    $800 11
supply and demand

Triple Stumper
    $800 20
(Seth: What is The Far Side?)

Peanuts

SusieSeth
    $1000 5
the Green Bay Packers

Eric
    $1000 30
rocks

Eric
    $1000 28
a cover

Susie
    $1000 27
Rosemary's Baby

Seth
    $1000 12
disposable

Eric
    $1000 21
William and Mary

Eric

Scores at the first commercial break (after clue 15):

Eric Susie Seth
$2,900 $200 $1,000

Scores at the end of the Jeopardy! Round:

Eric Susie Seth
$8,300 $3,000 $2,200

Double Jeopardy! Round responses

ODD-NAMED ANIMALS
OPERA CHARACTERS
WORD & PHRASE ORIGINS
THE EISNER AWARDS
WHAT'S THE POINT?
ROLLING A "7"
    $400 5
Atlas

Eric
    $400 26
Carmen

Seth
    $400 1
beg

Seth
    $400 18
Comic-Con

Seth
    $400 13
West Point

Eric
    $400 6
the 7 Wonders of the World

Susie
    $800 11
salamanders

Eric
    $800 29
jester

Seth
    $800 2
the ropes

Seth
    $800 22
Jughead

Eric
    $800 14
Point Blank

Seth
    $800 7
7-Eleven

Seth
    $1200 12
the coconut crab

Eric
    $1200 30
William Tell

Eric
    $1200 3
obsession

Triple Stumper
    $1200 23
Harley Quinn

Seth
    $1200 19
Cedar Point

Susie
    $1200 8
the 7 Years' War

Seth
    $1600 16
Jesus

Eric
    $5,000 27
The Marriage of Figaro

Seth
    $1600 4
(Eric: What is an aircraft carrier?)

tank

Eric
Triple Stumper
    $1600 24
Daredevil

Eric
    $1600 20
Detroit

Eric
    $3,000 9
7 Sisters

Seth
    $2000 17
an armadillo

Eric
    $2000 28
the Valkyries

Eric
    $2000 15
the third degree

Eric
    $2000 25
the Watchmen

Eric
    $2000 21
(Point) Udall

Susie
    $2000 10
the dance of the 7 veils

Susie

Scores at the end of the Double Jeopardy! Round:

Eric Susie Seth
$24,300 $8,600 $17,000

[wagering suggestions for these scores]

Final Jeopardy! Round responses

POETS
(Alex: [To Eric] No, the correct response is [*]. Think of Cats, the musical.)
SusieWho was Seuss?
$6,000
SethWho is Seuss
$16,999
EricWho is Nash?
$10,000
T.S. Eliot

Final scores:

Eric Susie Seth
$14,300 $2,600 $1
3-day champion: $91,201 2nd place: $2,000 3rd place: $1,000

Game dynamics:

Coryat scores:

Eric Susie Seth
$26,600 $8,600 $12,200
30 R,
2 W
(including 1 DD)
9 R,
0 W
17 R
(including 2 DDs),
1 W

Combined Coryat: $47,400

[game clues] [game scores] [suggest correction]

Game tape date: 2019-01-15
The J! Archive is created by fans, for fans. Scraping, republication, monetization, and malicious use prohibited; this site may use cookies and collect identifying information. See terms. The Jeopardy! game show and all elements thereof, including but not limited to copyright and trademark thereto, are the property of Jeopardy Productions, Inc. and are protected under law. This website is not affiliated with, sponsored by, or operated by Jeopardy Productions, Inc. Join the discussion at JBoard.tv.